000 00660nam a22002057a 4500
003 LK-CoMWRAF
005 20231213133612.0
008 230818b |||||||| |||| 00| 0 eng d
040 _aLK-CoMWRAF
_dLK-CoMWRAF
_eLK-CoMWRAF
041 _aeng
082 _a954.93
_bHUS
100 _aHussein, Asiff
245 _aSprings of Saylan:
_bthe Muslim contribution to the making of the Sri Lankan nation
260 _aColombo:
_bCenter for Islamic Studies,
_c[n.d.]
300 _a124 p.
650 _aMuslim contribution-Nation building-Sri Lanka
650 _aMuslim contribution-National economy-Sri Lanka
650 _aMuslims- Sri Lanka- History
942 _cBK
999 _c3206
_d3206